Meleg van! szegedi panaszok a kánikuláról

Elmentve itt :
Bibliográfiai részletek
Dokumentumtípus: Cikk
Megjelent: 1914-07-23
Sorozat:Délmagyarország 3 No. 173
Kulcsszavak:Időjárás Szeged
Online Access:http://dmarchiv.bibl.u-szeged.hu/56632
LEADER 00423nab a2200145 i 4500
001 delm56632
005 20180927141949.0
008 180927s1914 hu o 0|| hun d
040 |a SZTE Délmagyarország Archívum  |b hun 
041 |a hun 
245 0 0 |a Meleg van!   |h [elektronikus dokumentum] :  |b szegedi panaszok a kánikuláról 
260 |c 1914-07-23 
300 |a 6-7 
490 0 |a Délmagyarország  |v 3 No. 173 
695 |a Időjárás Szeged